Ethnic land conflicts: (Record no. 59219)

MARC details
000 -LEADER
fixed length control field 00410nam a22001457a 4500
008 - FIXED-LENGTH DATA ELEMENTS--GENERAL INFORMATION
fixed length control field 240515b ||||| |||| 00| 0 eng d
020 ## - INTERNATIONAL STANDARD BOOK NUMBER
International Standard Book Number 9789966814654
050 ## - LIBRARY OF CONGRESS CALL NUMBER
Classification number HM1121
Item number .M85 2018
100 ## - MAIN ENTRY--PERSONAL NAME
Personal name Mwita, James
245 ## - TITLE STATEMENT
Title Ethnic land conflicts:
Remainder of title a constant struggle/
260 ## - PUBLICATION, DISTRIBUTION, ETC. (IMPRINT)
Place of publication, distribution, etc [Nairobi, Kenya.]
Name of publisher, distributor, etc inkedhubwritters
Date of publication, distribution, etc 2018
300 ## - PHYSICAL DESCRIPTION
Extent 115 p.;
Dimensions 22 cm.
650 ## - SUBJECT ADDED ENTRY--TOPICAL TERM
Topical term or geographic name as entry element Ethnic conflict.
942 ## - ADDED ENTRY ELEMENTS (KOHA)
Source of classification or shelving scheme Library of Congress Classification
Item type Book
Holdings
Withdrawn status Lost status Source of classification or shelving scheme Damaged status Not for loan Collection code Home library Current library Shelving location Date acquired Source of acquisition Cost, normal purchase price Full call number Barcode Date last seen Copy number Price effective from Koha item type
    Library of Congress Classification     Non-fiction Bishop Okullu Memorial Library (Limuru Campus) Bishop Okullu Memorial Library (Limuru Campus) General Circulation 15/05/2024 donation 550.00 HM1121 .M85 2018 071638 15/05/2024 1 15/05/2024 Book